000 01235naa a22003377a 4500
001 BR8204874
003 BR-BrBNA
005 20240918175145.0
007 ta
008 230509b bl.||||| |||| 00| 0 por d
040 _aBR-BrBNA
_bpor
_cBiblioteca Nacional de Agricultura
041 _a(Pt)
072 _aE30; E10; E70
_b/G514
090 _aE30 BR8204874
100 1 _aPaiva, R.M.
245 1 _aApreciacao geral sobre o comportamento da agricultura brasileira [economia agricola]
260 3 _aSao Paulo, SP (Brasil):
_bLivraria Pioneira Editora,
_c1982.
500 _aAraujo, P.F.C. de; Schuh, G.E (eds.) Desenvolvimento da agricultura: estudos de casos Sao Paulo, SP (Brasil): Livraria Pioneira Editora, 1982. p. 155-212 (BR8204874-AM)E30
650 _aDESENVOLVIMENTO AGRICOLA
650 _aDESENVOLVIMENTO ECONOMICO
650 _aEXPORTACAO
650 _aRENDA
650 _aPRODUTIVIDADE
650 _aINSUMO
650 _aCONSUMO
650 _aPRECO
650 _aMAO-DE-OBRA
773 0 _tDesenvolvimento da agricultura: estudos de casos
_aAraujo, P.F.C. de; Schuh, G.E (eds.)
_b
_wE30 BR8204874
_gSao Paulo, SP (Brasil), 1982. p. 155-212
909 _a202404
_bLucia
_c55
_dLucia Elande
942 _cAM
_2AGRIS
999 _c315311
_d315311